|
|
|
|
| LEADER |
01495nam a2200385Ia 4500 |
| 001 |
EBC581312 |
| 003 |
MiAaPQ |
| 005 |
20200520144314.0 |
| 006 |
m o d | |
| 007 |
cr cn||||||||| |
| 008 |
100520s2010 enka sb 001 0 eng d |
| 010 |
|
|
|z 2010020423
|
| 020 |
|
|
|z 9780566089824
|
| 020 |
|
|
|a 9781409409380 (electronic bk.)
|
| 035 |
|
|
|a (MiAaPQ)EBC581312
|
| 035 |
|
|
|a (Au-PeEL)EBL581312
|
| 035 |
|
|
|a (CaPaEBR)ebr10409271
|
| 035 |
|
|
|a (CaONFJC)MIL274394
|
| 035 |
|
|
|a (OCoLC)694146889
|
| 040 |
|
|
|a MiAaPQ
|c MiAaPQ
|d MiAaPQ
|
| 050 |
|
4 |
|a HG4028.M4
|b V35 2010
|
| 082 |
0 |
4 |
|a 658.1/62
|2 22
|
| 245 |
0 |
0 |
|a Value in due diligence
|h [electronic resource] :
|b contemporary strategies for merger and acquisition success /
|c edited by Ronald Gleich, Gordana Kierans, and Thomas Hasselbach.
|
| 260 |
|
|
|a Farnham, Surrey ;
|a Burlington, VT :
|b Gower,
|c c2010.
|
| 300 |
|
|
|a xxii, 216 p. :
|b ill.
|
| 504 |
|
|
|a Includes bibliographical references and index.
|
| 533 |
|
|
|a Electronic reproduction. Ann Arbor, MI : ProQuest, 2015. Available via World Wide Web. Access may be limited to ProQuest affiliated libraries.
|
| 650 |
|
0 |
|a Consolidation and merger of corporations
|x Management.
|
| 650 |
|
0 |
|a Corporations
|x Valuation.
|
| 655 |
|
4 |
|a Electronic books.
|
| 700 |
1 |
|
|a Gleich, Ronald.
|
| 700 |
1 |
|
|a Kierans, Gordana.
|
| 700 |
1 |
|
|a Hasselbach, Thomas.
|
| 710 |
2 |
|
|a ProQuest (Firm)
|
| 856 |
4 |
0 |
|u https://ebookcentral.proquest.com/lib/matrademy/detail.action?docID=581312
|z Click to View
|